Historic churches (Record no. 106010)

MARC details
000 -LEADER
fixed length control field 01773cam a2200445 4500
001 - CONTROL NUMBER
control field L135336
008 - FIXED-LENGTH DATA ELEMENTS--GENERAL INFORMATION
fixed length control field 061016n2005 000 0 eng u
020 ## - INTERNATIONAL STANDARD BOOK NUMBER
International Standard Book Number 9781900915335
035 ## - SYSTEM CONTROL NUMBER
System control number (Sirsi) u135336
041 0# - LANGUAGE CODE
Language code of text/sound track or separate title eng
050 04 - LIBRARY OF CONGRESS CALL NUMBER
Classification number 690.241 $2 18
110 2# - MAIN ENTRY--CORPORATE NAME
Corporate name or jurisdiction name as entry element Cathedral Communications Limited
9 (RLIN) 3087
245 00 - TITLE STATEMENT
Title Historic churches
Remainder of title the conservation and repair of ecclesiastical buildings
250 ## - EDITION STATEMENT
Edition statement 12th ed.
260 ## - PUBLICATION, DISTRIBUTION, ETC.
Place of publication, distribution, etc. Tisbury
Name of publisher, distributor, etc. Cathedral Communications Limited
Date of publication, distribution, etc. 2005
300 ## - PHYSICAL DESCRIPTION
Extent 56p.
Other physical details ill.
Dimensions 30cm.
350 ## - PRICE (NR) (BK AM CF MU VM SE) [OBSOLETE]
Price 6
490 #4 - SERIES STATEMENT
Series statement Building Conservation Directory Special Report
505 0# - FORMATTED CONTENTS NOTE
Formatted contents note Saving places of worship in Wales -- The forgotten necropolis -- West Walton wall paintings -- Brave new churches -- Repair and conservation of reinforced concrete -- The beasts of Bloomsbury -- Aesthetic protective glazing -- Stone crosses -- Cleaning directive plaster -- New work in historic churches -- Underpinning -- Streamlining protection
520 ## - SUMMARY, ETC.
Summary, etc. Discusses issues, building techniques and materials relevant to the conservation and repair of churches. Includes a directory of useful organisations, products and services.
590 ## - LOCAL NOTE (RLIN)
Local note KA
651 #4 - SUBJECT ADDED ENTRY--GEOGRAPHIC NAME
Geographic name United Kingdom
Chronological subdivision
690 ## - LOCAL SUBJECT ADDED ENTRY--TOPICAL TERM (OCLC, RLIN)
Topical term or geographic name as entry element BUILT ENVIRONMENT-BUILDING MAINTENANCE AND REFURBISHMENT-BUILDING RESTORATION
700 1# - ADDED ENTRY--PERSONAL NAME
Personal name Owen, Gruff
700 1# - ADDED ENTRY--PERSONAL NAME
Personal name Sumner, Neil
700 1# - ADDED ENTRY--PERSONAL NAME
Personal name Rutherford, Lucy
700 1# - ADDED ENTRY--PERSONAL NAME
Personal name Lithgow, Richard
700 1# - ADDED ENTRY--PERSONAL NAME
Personal name Perry, Mark
700 1# - ADDED ENTRY--PERSONAL NAME
Personal name Harwood, Elain
700 1# - ADDED ENTRY--PERSONAL NAME
Personal name Farrell, David
700 1# - ADDED ENTRY--PERSONAL NAME
Personal name Davies, Kevin
700 1# - ADDED ENTRY--PERSONAL NAME
Personal name Crawley, Tim
700 1# - ADDED ENTRY--PERSONAL NAME
Personal name Bambrough, Mark
700 1# - ADDED ENTRY--PERSONAL NAME
Personal name Green, Edward
700 1# - ADDED ENTRY--PERSONAL NAME
Personal name Ireland, Richard
700 1# - ADDED ENTRY--PERSONAL NAME
Personal name Saunders, Matthew
700 1# - ADDED ENTRY--PERSONAL NAME
Personal name Addison, John
700 1# - ADDED ENTRY--PERSONAL NAME
Personal name Taylor, Jonathan
942 ## - ADDED ENTRY ELEMENTS (KOHA)
Suppress in OPAC 0
Holdings
Withdrawn status Lost status Source of classification or shelving scheme Damaged status Not for loan Home library Current library Shelving location Date acquired Total Checkouts Full call number Barcode Date last seen Copy number Price effective from Koha item type
    Dewey Decimal Classification     London London Books 18/01/2007   F 690.241 BUI 30073395 06/08/2019 1 06/08/2019 Book